Public enterprise in less developed countries (Record no. 37391)

MARC details
000 -LEADER
fixed length control field 00300nam a2200109Ia 4500
082 ## - DEWEY DECIMAL CLASSIFICATION NUMBER
Classification number 658.115(1-772)
Item number JON
245 #0 - TITLE STATEMENT
Title Public enterprise in less developed countries
260 ## - PUBLICATION, DISTRIBUTION, ETC. (IMPRINT)
Place of publication London
Name of publisher Cambridge University
Year of publication 1982
700 ## - ADDED ENTRY--PERSONAL NAME
Personal name Leroy P
942 ## - ADDED ENTRY ELEMENTS (KOHA)
Koha item type Books
Holdings
Withdrawn status Lost status Damaged status Not for loan Home library Current library Date acquired Cost, normal purchase price Full call number Accession Number Koha item type
        RRII Library RRII Library 16/12/2021 19.50 658.115(1-772) JON 17777 Books